Asian Capitals with Letter B - Statistics

General Stats
  • This quiz has been taken 110 times
  • The average score is 9 of 14
Answer Stats
Capital % Correct
Bangkok
85%
Beijing
84%
Baghdad
78%
Abu Dhabi
73%
Beirut
69%
Baku
64%
Bishkek
62%
Bandar Seri Begawan
59%
Islamabad
54%
Tbilisi
51%
Ulaanbaatar
47%
Ashgabat
46%
Dushanbe
46%
Kabul
41%
No matching quizzes found
Score Distribution
Percent of People with Each Score
Percentile by Number Answered
Your Score History
You have not taken this quiz